Giáo trình ngôn ngữ lập trình C dùng cho các trường đào tạo hệ trung học chuyên nghiệp
Đã lưu trong:
| 主要作者: | |
|---|---|
| 格式: | 圖書 |
| 語言: | Undetermined |
| 出版: |
H.
Giáo dục
2004
|
| 主題: | |
| 在線閱讀: | http://lrc.tdmu.edu.vn/opac/search/detail.asp?aID=2&ID=3290 |
| 標簽: |
添加標簽
沒有標簽, 成為第一個標記此記錄!
|
| Thư viện lưu trữ: | Trung tâm Học liệu Trường Đại học Thủ Dầu Một |
|---|
| LEADER | 00778nam a2200205Ia 4500 | ||
|---|---|---|---|
| 001 | TDMU_3290 | ||
| 008 | 210410s9999 xx 000 0 und d | ||
| 082 | |a 005.13 | ||
| 090 | |b T446 | ||
| 100 | |a Tiêu, Kim Cương | ||
| 245 | 0 | |a Giáo trình ngôn ngữ lập trình C | |
| 245 | 0 | |b dùng cho các trường đào tạo hệ trung học chuyên nghiệp | |
| 245 | 0 | |c ThS.Tiêu Kim Cương | |
| 260 | |a H. | ||
| 260 | |b Giáo dục | ||
| 260 | |c 2004 | ||
| 300 | |a 199tr. | ||
| 650 | |a Sách trung học chuyên nghiệp-công nghệ thông tin; Ngôn ngữ lập trình C |v Giáo trình | ||
| 856 | |u http://lrc.tdmu.edu.vn/opac/search/detail.asp?aID=2&ID=3290 | ||
| 980 | |a Trung tâm Học liệu Trường Đại học Thủ Dầu Một | ||